New Password B2 - unit 8 wordlist - Statystyki

Ogólne statystyki
  • Ten quiz został rozwiązany 246 razy
  • Średni wynik to 63 z 154
Statystyki odpowiedzi
Hint Odpowiedź % Poprawnych
wybierać choose
89%
przyspieszać accelerate
79%
hamować brake
76%
dostosowywać adjust
72%
miejsce docelowe destination
71%
innowacja innovation
71%
zamocować attach
70%
wyświetlać na ekranie display
70%
prestiż prestige
69%
innowator innovator
68%
przewijać w dół scroll down
68%
uruchamiać activate
67%
wpisywać enter
65%
innowacyjny innovative
65%
postępować zgodnie ze wskazówkami follow instructions
63%
wpisywać na klawiaturze key in
63%
wpisywać na klawiaturze type in
61%
podłączać do prądu plug in
60%
wybierać select
60%
przegrzewać się overheat
59%
sukienka dress
58%
telefon z klapką flip phone
58%
wkładać insert
58%
naciskać przycisk press the button
58%
przeciągać kartę swipe
58%
dopływ paliwa fuel supply
57%
uruchamiać rozrusznikiem nożnym kick-start
57%
wsiadać mount
57%
włączać switch on
57%
kieszonkowiec pickpocket
56%
czysty pure
56%
nerwowy nervous
55%
wydawać dispense
54%
wynaleźć invent
54%
przekręcać kluczyk turn the key
54%
kasować validate
54%
naciskać klawisz hit the key
53%
wprowadzać innowacje innovate
53%
prestiżowy prestigious
53%
oczyszczać purify
53%
śmiertelny fatal
52%
klawiatura numeryczna keypad
52%
lokalny local
52%
w końcu eventually
51%
traf fortune
51%
udzielać instrukcji give instructions
51%
innowacyjnie innovatively
49%
restauracja restaurant
49%
czaszka skull
49%
faktyczny actual
48%
pedał rozrusznika kick pedal
48%
wykład lecture
48%
upuszczanie krwi bloodletting
47%
guz bump
46%
pomyślny fortunate
46%
prestiżowo prestigiously
46%
blokować się get stuck
45%
rozpoznawać recognise
45%
czas pracy baterii battery life
44%
na szczęście fortunately
44%
włączać kierunkowskaz indicate
44%
oczyszczacz purifier
44%
otrzymywać receive
44%
wynalazek invention
43%
wynalazca inventor
43%
wysyłać sms'y text
43%
cecha charakteru character trait
42%
czysto, wyłącznie purely
42%
rozpoznawalny recognisable
42%
dres tracksuit
42%
wyskakiwać pop up
41%
odbiorca receiver
41%
bramka obrotowa turnstile
41%
czystość purity
40%
koncentrator nozzle
39%
uznany recognised
39%
suwak logarytmiczny slide rule
39%
zmieniać w turn into
39%
beton concrete
38%
aktualny current
38%
zrestartować reboot
38%
przypuszczać assume
37%
rozwijać develop
37%
dziedzina nauki field of science
37%
oczyszczenie purification
37%
nieunikniony unavoidable
37%
mieć romans have an affair
36%
odbiór reception
36%
zdenerwowany annoyed
35%
lektura szkolna set text
35%
przenośny portable
34%
przeprowadzać eksperyment carry out an experiment
33%
znaczący przełom major breakthrough
33%
robić aferę make a scene
33%
niejasny obscure
33%
adresat recipient
33%
wytwarzać turn out
33%
dostawca usług carrier
32%
niszczyć mess up
32%
ewentualnie possibly
32%
rozpoznanie recognition
32%
przeprowadzić test sytemu run a system check
32%
wolne połączenie wi-fi slow wi-fi connection
32%
współczujący sympathetic
32%
dyskredytować teorię discredit a theory
31%
sympatyczny friendly
31%
akwizycja przez telefon cold calling
30%
przeprowadzać eksperyment conduct an experiment
30%
obalać disprove
30%
dokonać epokowego odkrycia make a historic discovery
30%
działać mechanicznie run on an autopilot
30%
kosztować kogoś, opóźniać set back
30%
wygórowana cena steep price
30%
fatalny terrible
30%
różnica opinii a difference of opinion
29%
bawić się czymś mess about with sth
29%
podejrzany questionable
29%
odrzucać reject
29%
gniazdko elektryczne socket
29%
pobranie krwi withdrawal of blood
29%
reklamacja complaint
28%
fakty i liczby facts and figures
28%
obskurny shabby
28%
wyróżniać się stand out
28%
zgłosić się na policję turn yourself in to the police
28%
zasięg coverage
27%
poruszać temat bring up
26%
prąd elektryczny electric current
26%
przedstawiać put forward
26%
dostawca usług service provider
26%
przyjmować hipotezę accept a hypothesis
25%
smutna rzeczywistość a fact of life
25%
brak dostępu do internetu no internet access
25%
przeprowadzać badanie carry out a research
24%
przeprowadzać badanie conduct a research
24%
fałszować wyniki badań falsify the results of the research
24%
wymyślić come up with
23%
wybrakowane faulty
23%
uszkodzone produkty damaged goods
22%
ustalić fakty get your facts right
20%
przyjmować coś za pewnik take sth for granted
20%
w rzeczywistości as a matter of fact
19%
wiedzieć coś na pewno know sth for a fact
19%
wadliwe defective
18%
niechlujna robota shoddy workmanship
18%
zatrzymać swoje zdanie dla siebie keep your opinions to yourself
16%
zbadać dokładnie look into
16%
wbrew powszechnej opinii contrary to popular opinion
15%
nieodpowiednio przystosowane obiekty inadequate facilities
12%
źle działający sprzęt malfunctioning equipment
12%
niesatysfakcjonująca obsługa klienta unsatisfactory customer service
11%
niewydajne wsparcie techniczne inefficient technical support
10%
błędne przekonanie naukowe scientific misconceptions
10%
brak dostępu do stałego łącza internetowego no internet broadband
9%
Nie znaleziono quizów pasujących do podanych kryteriów
Rozkład punktacji
Procent ludzi z każdym wynikiem
Percentyl według liczby udzielonych odpowiedzi
Twoja historia wyników
Nie rozwiązałeś tego quizu